Szczegóły MARC21

Skriptum Informatik : eine konventionelle Einführung /

005 -DATA I CZAS OSTATNIEJ MODYFIKACJI [,]
    • @
    • pole kontrolne
    • 20070315155141.9
020 -Międzynarod. znormalizowany nr książki - ISBN [ , ]
    • a
    • Numer ISBN
    • 3519121530 Find
    • z
    • Błędny ISBN (P)
    • 3728119466 Find
040 -Instytucja sporządzająca opis [ , ]
    • a
    • Instytucja, która sporządziła opis (NP)
    • SZCZ U
    • c
    • Instytucja, która sporządziła rekord (NP)
    • SZCZ U
041 -Język dokumentu [0, ]
    • a
    • Język tekstu (P)
    • niemiecki
    • h
    • Język tekstu oryginalnego i/lub pośredniego (P)
    • niemiecki
942 -Rodzaj dokumentu [ , ]
    • c
    • Rodzaj dokumentu
    • Książka
100 -Hasło główne - nazwa osobowa [ , ]
    • a
    • Nazwa osobowa (NP)
    • APPELRATH HANS-JÜRGEN
245 -Strefa tytułu i oznaczenia odpowiedzialności [1, ]
    • a
    • Tytuł
    • Skriptum Informatik : Find
    • b
    • Ciąg dalszy tytułu (NP)
    • eine konventionelle Einführung / Find
250 -Strefa wydania [ , ]
    • a
    • Oznaczenie wydania (NP)
    • [2.,durchges.Aufl.].
260 -Strefa adresu wydawniczego [ , ]
    • a
    • Miejsce wydania (P)
    • Stuttgart :
    • b
    • Nazwa wydawcy (P)
    • B.G.Teubner ;
    • a
    • Miejsce wydania (P)
    • Zürich :
    • b
    • Nazwa wydawcy (P)
    • Verl.der Fachvereine,
    • c
    • Data wydania (P)
    • 1992.
300 -Strefa opisu fizycznego [ , ]
    • a
    • Określenie formy książki i/lub objętość (NP)
    • 447 s. :
    • b
    • Oznaczenie ilustracji (NP)
    • rys. :
    • c
    • Format (NP)
    • 23 cm.
504 -Uwaga dot. bibliogr. załącznikowej [ , ]
    • a
    • Uwaga dot. bibliografii załącznikowej
    • Bibliogr. Ind.
080 -Uniwersalna Klasyfikacja Dziesiętna [ , ]
    • a
    • Symbol klasyfikacji
    • 519.68=30
080 -Uniwersalna Klasyfikacja Dziesiętna [ , ]
    • a
    • Symbol klasyfikacji
    • :681.3=30
980 -Symbol UKD [ , ]
    • a
    • UKD
    • 519.68:681.3]=30
700 -Hasło dodatkowe - nazwa osobowa [ , ]
    • a
    • Nazwa osobowa (NP)
    • Ludewig Jochen Find
920 -ISBN [ , ]
    • a
    • ISBN
    • 3-519-12153-0 Find
    • z
    • Błędny ISBN
    • 3-7281-1946-6 Find
Numer inwentarzowy Sygnatura Status udost. Data inwentaryzacji Lokalizacja
S.81121FUNDACJA POLSKO-NIEMIECKA-61997-10-14BE
S.81122 -61997-10-14BE
S.81124FUNDACJA POLSKO-NIEMIECKA21997-10-14BE
S.81125FUNDACJA POLSKO-NIEMIECKA21997-10-14BE
S.81126FUNDACJA POLSKO-NIEMIECKA21997-10-14BE
S.81127FUNDACJA POLSKO-NIEMIECKA21997-10-14BE
S.81128FUNDACJA POLSKO-NIEMIECKA21997-10-14BE
E.64846FUNDACJA POLSKO-NIEMIECKA-21997-10-14BE
S.81123 21997-10-14BE
S.81120 -21997-10-14BE